Final de viaje / (Registro nro. 43540)
[ vista simple ]
| 000 -LEADER | |
|---|---|
| fixed length control field | 01191cam a2200325 i 4500 |
| 001 - CONTROL NUMBER | |
| control field | 43540 |
| 003 - CONTROL NUMBER IDENTIFIER | |
| control field | Mx-PuUPA |
| 005 - DATE AND TIME OF LATEST TRANSACTION | |
| control field | 20260106094732.0 |
| 008 - FIXED-LENGTH DATA ELEMENTS--GENERAL INFORMATION | |
| fixed length control field | 140415s1992 sp gr 000 0dspa d |
| 017 ## - COPYRIGHT OR LEGAL DEPOSIT NUMBER | |
| Copyright or legal deposit number | B. 29.288-1992 |
| 020 ## - INTERNATIONAL STANDARD BOOK NUMBER | |
| International Standard Book Number | 8432993379 |
| 040 ## - CATALOGING SOURCE | |
| Original cataloging agency | Mx-PuUPA |
| Language of cataloging | spa |
| Transcribing agency | Mx-PuUPA |
| Modifying agency | Mx-PuUPA |
| Description conventions | rda |
| 041 0# - LANGUAGE CODE | |
| Language code of text/sound track or separate title | spa |
| 100 1# - MAIN ENTRY--PERSONAL NAME | |
| Personal name | Fullat, Octavi, |
| Relator term | autor |
| 245 10 - TITLE STATEMENT | |
| Title | Final de viaje / |
| Statement of responsibility, etc. | Octavi Fullat |
| 250 ## - EDITION STATEMENT | |
| Edition statement | 1a edición / |
| Remainder of edition statement | septiembre |
| 264 #1 - PRODUCTION, PUBLICATION, DISTRIBUTION, MANUFACTURE, AND COPYRIGHT NOTICE | |
| Place of production, publication, distribution, manufacture | Barcelona, España : |
| Name of producer, publisher, distributor, manufacturer | Ediciones CEAC, |
| Date of production, publication, distribution, manufacture, or copyright notice | 1992 |
| 300 ## - PHYSICAL DESCRIPTION | |
| Extent | 204 páginas ; |
| Dimensions | 21 cm |
| 336 ## - CONTENT TYPE | |
| Fuente | rdacontent |
| Content type term | texto |
| Content type code | txt |
| 337 ## - MEDIA TYPE | |
| Source | rdamedia |
| Media type term | sin medio |
| Media type code | n |
| 338 ## - CARRIER TYPE | |
| Source | rdacarrier |
| Carrier type term | volumen |
| Carrier type code | nc |
| 490 0# - SERIES STATEMENT | |
| Series statement | Colección Educación y Enseñanza ; |
| Volume/sequential designation | v.3 |
| 490 0# - SERIES STATEMENT | |
| Series statement | Monográfica |
| 500 ## - GENERAL NOTE | |
| General note | "Octavi Fullat, en este tercer volumen de su trilogía en torno al ser humano - los otros dos fueron Eulalia, la-del-buen-hablar y Viaje inacabado-". -- Contra portada |
| 650 #7 - SUBJECT ADDED ENTRY--TOPICAL TERM | |
| Source of heading or term | armarc |
| Topical term or geographic name entry element | Antropología Filosófica |
| General subdivision | Humanismo |
| 650 #7 - SUBJECT ADDED ENTRY--TOPICAL TERM | |
| Source of heading or term | armarc |
| Topical term or geographic name entry element | Existencialismo y Vitalismo |
| General subdivision | Muerte |
| -- | Destino |
| -- | Realización personal |
| 942 ## - ADDED ENTRY ELEMENTS (KOHA) | |
| Source of classification or shelving scheme | Dewey Decimal Classification |
| Koha item type | Libro |
| Classification part | 196.1 |
| Item part | F62 |
| Withdrawn status | Lost status | Source of classification or shelving scheme | Damaged status | Not for loan | Collection code | Home library | Current library | Shelving location | Date acquired | Source of acquisition | Total Checkouts | Full call number | Barcode | Date last seen | Price effective from | Koha item type |
|---|---|---|---|---|---|---|---|---|---|---|---|---|---|---|---|---|
| Dewey Decimal Classification | General | Biblioteca Karol Wojtyla | Biblioteca Karol Wojtyla | Sala general | 03/12/2013 | Compra | 196.1 F62 1992 | 65536 | 19/01/2026 | 03/12/2013 | Libro |